[Event "Bayerische Einzelmeisterschaft 2011 Damen"]
[Site "?"]
[Date "2011.08.24"]
[Round "5.1"]
[White "Zwetz, Anita"]
[Black "Lorenz, Oda"]
[Result "1/2-1/2"]
[WhiteElo "1863"]
[BlackElo "1870"]
[PlyCount "170"]
[EventDate "2011.??.??"]
[WhiteTeam "TSV Kareth-Lappersdorf"]
[BlackTeam "Schachges. Augsburg 1873"]

1. d4 Nf6 2. Bg5 h6 3. Bxf6 exf6 4. e3 d5 5. Bd3 Bb4+ 6. c3 Bd6 7. Nf3 Bg4 8.
Nbd2 Nd7 9. Qc2 Qe7 10. O-O O-O 11. Nh4 Rfe8 12. Rae1 Nf8 13. h3 Bd7 14. e4 Bf4
15. exd5 Qd6 16. c4 c6 17. Be4 Rac8 18. c5 Bh2+ 19. Kh1 Qf4 20. Ndf3 cxd5 21.
Bxd5 Bb5 22. Rxe8 Rxe8 23. Bc4 Bxc4 24. Qxc4 g5 25. Nf5 Qxf5 26. Nxh2 h5 27. f3
Re3 28. b4 Rd3 29. b5 Ne6 30. c6 bxc6 31. Qxc6 Rxd4 32. g4 hxg4 33. fxg4 Qd5+
34. Qxd5 Rxd5 35. a4 Kg7 36. Nf3 Rd3 37. a5 Rb3 38. b6 axb6 39. axb6 Rxb6 40.
h4 Rb4 41. Rg1 Kh6 42. Kh2 Rb2+ 43. Kg3 Nf4 44. hxg5+ fxg5 45. Rh1+ Kg6 46. Nd4
f6 47. Nf5 Rb3+ 48. Kf2 Rh3 49. Ra1 Nd3+ 50. Kg2 Rh7 51. Kg3 Ne5 52. Ra6 Rc7
53. Ne3 Rc3 54. Kf2 Rb3 55. Ra7 Rb2+ 56. Kg3 Rb3 57. Kf2 Rb4 58. Kg3 Re4 59.
Ra3 Rf4 60. Rc3 Kf7 61. Ra3 Ke6 62. Ra6+ Kd7 63. Ra7+ Kc6 64. Ra6+ Kc5 65. Ra5+
Kc6 66. Ra6+ Kb5 67. Ra3 Rf3+ 68. Kg2 Rf4 69. Rb3+ Ka4 70. Rb6 Nxg4 71. Nd5 Rf5
72. Nc3+ Ka5 73. Rb8 Ne3+ 74. Kg3 Nf1+ 75. Kg2 Nd2 76. Ne2 Rb5 77. Rf8 Rb6 78.
Nc3 Rc6 79. Nd5 Ne4 80. Rb8 Rc5 81. Ne3 f5 82. Nd1 g4 83. Ne3 Ka6 84. Rf8 Kb5
85. Rxf5 Rxf5 1/2-1/2

[Event "Bayerische Einzelmeisterschaft 2011 Damen"]
[Site "?"]
[Date "2011.08.24"]
[Round "5.2"]
[White "Heyne, Regina"]
[Black "Müller, Liliane"]
[Result "1-0"]
[WhiteElo "1812"]
[BlackElo "1646"]
[PlyCount "113"]
[EventDate "2011.??.??"]
[WhiteTeam "FC Bayern München e.V."]
[BlackTeam "1.Schachklub Neuperlach e.V."]

1. d4 Nf6 2. c4 c5 3. e3 e6 4. Nf3 g6 5. Nc3 a6 6. Be2 Bg7 7. O-O O-O 8. a3 b6
9. dxc5 bxc5 10. Qd6 Nc6 11. Qxc5 Bb7 12. Qd6 Ne8 13. Qd3 Qc7 14. Rb1 Nf6 15.
b4 Ne5 16. Nxe5 Qxe5 17. f4 Qc7 18. c5 Rfd8 19. Bb2 d6 20. Qc4 dxc5 21. Qxc5
Rac8 22. Qxc7 Rxc7 23. Rfd1 Rcd7 24. Rxd7 Rxd7 25. Rd1 Rxd1+ 26. Nxd1 Nd5 27.
Bxg7 Kxg7 28. Bf3 Bc8 29. Bxd5 exd5 30. Nc3 Bb7 31. h3 h5 32. Kf2 Kf6 33. Na4
Kf5 34. Nc5 Bc8 35. Ke2 d4 36. Kd3 dxe3 37. Kxe3 h4 38. a4 f6 39. b5 axb5 40.
axb5 g5 41. fxg5 fxg5 42. b6 g4 43. b7 Bxb7 44. Nxb7 gxh3 45. gxh3 Kg6 46. Kf4
Kh5 47. Kf5 Kh6 48. Kg4 Kg6 49. Kxh4 Kh7 50. Kh5 Kg7 51. Nd6 Kh8 52. Kh6 Kg8
53. Kg6 Kh8 54. Nf7+ Kg8 55. h4 Kf8 56. h5 Kg8 57. h6 1-0

[Event "Bayerische Einzelmeisterschaft 2011 Damen"]
[Site "?"]
[Date "2011.08.24"]
[Round "5.3"]
[White "Weiss, Monika"]
[Black "Roos, Karin"]
[Result "0-1"]
[WhiteElo "1652"]
[BlackElo "1826"]
[PlyCount "39"]
[EventDate "2011.??.??"]
[WhiteTeam "SC Bavaria Regensb.1881"]
[BlackTeam "FC Bayern München e.V."]

1. e4 d5 2. exd5 Nf6 3. Bb5+ Bd7 4. Bxd7+ Qxd7 5. Nf3 Nxd5 6. O-O e6 7. c4 Nf6
8. Ne5 Qd4 9. Qa4+ c6 10. Nf3 Qd8 11. d4 Nbd7 12. c5 Be7 13. Nc3 O-O 14. h3 Qc7
15. b4 b5 16. Qc2 a5 17. bxa5 b4 18. Ne4 Nxe4 19. Qxe4 Nf6 20. Ne5 0-1

[Event "Bayerische Einzelmeisterschaft 2011 Damen"]
[Site "?"]
[Date "2011.08.24"]
[Round "5.4"]
[White "Schäfer, Ann-Kathrin"]
[Black "Huber, Dorit"]
[Result "1-0"]
[WhiteElo "1626"]
[BlackElo "1576"]
[PlyCount "59"]
[EventDate "2011.??.??"]
[WhiteTeam "SC Bechhofen 1923 e.V."]
[BlackTeam "SC Unterpfaffenhofen"]

1. e4 c6 2. d4 d5 3. exd5 cxd5 4. Bd3 Nf6 5. Bf4 Nc6 6. c3 e6 7. Nd2 Be7 8.
Ngf3 O-O 9. Qc2 a5 10. O-O-O b6 11. h3 Ba6 12. g4 Bxd3 13. Qxd3 Rb8 14. Bxb8
Qxb8 15. Rdg1 Qf4 16. Qb5 Qc7 17. Kb1 Na7 18. Qd3 g6 19. h4 Qf4 20. Ne5 Ne4 21.
Nxe4 dxe4 22. Qe2 b5 23. g5 b4 24. c4 Rd8 25. Rg4 Qf5 26. Qe3 f6 27. gxf6 Bxf6
28. Rf4 Bxe5 29. Rxf5 Bxd4 30. Qg5 1-0

[Event "Bayerische Einzelmeisterschaft 2011 Damen"]
[Site "?"]
[Date "2011.08.24"]
[Round "5.5"]
[White "Ludwig, Ines"]
[Black "Nietzer, Ingrid"]
[Result "1-0"]
[WhiteElo "1714"]
[BlackElo "1164"]
[PlyCount "99"]
[EventDate "2011.??.??"]
[WhiteTeam "SC Mühlhof-Reichelsdorf e.V."]
[BlackTeam "SK Keres-Augsburg 1980"]

1. d4 Nf6 2. e3 g6 3. Bd3 Bg7 4. Nd2 d6 5. f4 O-O 6. Ngf3 b6 7. O-O Bb7 8. c3
c5 9. Qe2 Nbd7 10. e4 e6 11. e5 dxe5 12. dxe5 Ng4 13. Be4 Bxe4 14. Qxe4 Nh6 15.
Ng5 Nf5 16. Nc4 h6 17. Nf3 h5 18. Ng5 Bh6 19. Rf3 Bxg5 20. fxg5 Qe7 21. h4 Kg7
22. Rd3 Rad8 23. Bd2 Nb8 24. Be1 Rxd3 25. Qxd3 Rd8 26. Qe2 Nc6 27. Rd1 Rxd1 28.
Qxd1 Qd8 29. Qe2 Qd5 30. b3 a6 31. Nxb6 Qxe5 32. Qd2 Qe3+ 33. Qxe3 Nxe3 34. Bf2
Nd1 35. Be1 e5 36. Kf1 Ne3+ 37. Kf2 Ng4+ 38. Kf3 f6 39. gxf6+ Kxf6 40. Nd7+ Kf5
41. Nxc5 a5 42. Bg3 Ne7 43. c4 Nc6 44. Ke2 Nd4+ 45. Kd3 Nc6 46. a3 Nd4 47. b4
axb4 48. axb4 Nf6 49. b5 Ne8 50. Nd7 1-0

[Event "Bayerische Einzelmeisterschaft 2011 Damen"]
[Site "?"]
[Date "2011.08.24"]
[Round "5.6"]
[White "Janekovic, Vera"]
[Black "Stegmaier, Erika"]
[Result "1/2-1/2"]
[WhiteElo "1592"]
[BlackElo "1614"]
[PlyCount "187"]
[EventDate "2011.??.??"]
[WhiteTeam "FC Bayern München e.V."]
[BlackTeam "1.Schachklub Neuperlach e.V."]

1. e4 c5 2. c3 Nc6 3. d4 cxd4 4. cxd4 e6 5. Nf3 Nf6 6. e5 Nd5 7. Be2 Be7 8. O-O
O-O 9. Nc3 Nxc3 10. bxc3 a6 11. a4 b6 12. Nd2 Bb7 13. Bf3 Qc7 14. Ne4 d5 15.
Ng3 Na5 16. Bd2 Nc4 17. Be2 Nxd2 18. Qxd2 Rac8 19. Rfc1 h6 20. Rc2 Qc6 21. Bd3
f5 22. f4 Qe8 23. Be2 Bh4 24. Qd3 a5 25. Rb2 Qc6 26. Rc2 Ra8 27. Qf3 Ba6 28.
Bxa6 Rxa6 29. Ne2 Qe8 30. Qh3 Be7 31. Ng3 Ra7 32. Rf2 Rc7 33. Raa2 Rxc3 34.
Rab2 Qc6 35. Rf1 Qc4 36. Rff2 Qxd4 37. Qh5 Rc1+ 38. Nf1 Qc5 39. Qg6 Rxf1+ 40.
Kxf1 Qc4+ 41. Rbe2 Bc5 42. Qxe6+ Kh8 43. Rf3 Qd4 44. Ree3 Qxa4 45. Rd3 Qa1+ 46.
Ke2 Qa2+ 47. Rd2 Qc4+ 48. Rdd3 a4 49. Qxd5 Qb5 50. Qa2 Qa6 51. Kd1 b5 52. Rd7
b4 53. Qd5 Qb6 54. Rg3 Rg8 55. Qf7 Bf8 56. e6 Qg1+ 57. Ke2 Qc5 58. e7 Qc2+ 59.
Rd2 Qe4+ 60. Re3 Qxg2+ 61. Kd1 Qf1+ 62. Re1 Qf3+ 63. Ree2 Qf1+ 64. Kc2 b3+ 65.
Kb2 Bxe7 66. Qxe7 Qxf4 67. Qe5 Qb4 68. Qxf5 a3+ 69. Kb1 Qc3 70. Qd5 a2+ 71.
Rxa2 bxa2+ 72. Qxa2 Rb8+ 73. Rb2 Qd3+ 74. Kc1 Rc8+ 75. Rc2 Rxc2+ 76. Qxc2 Qd6
77. Qd2 Qc5+ 78. Kd1 g5 79. Qe2 Qf5 80. Ke1 Kg7 81. Qf2 Qb1+ 82. Ke2 Kg6 83.
Qg3 Qc2+ 84. Kf1 Qf5+ 85. Kg2 h5 86. Qd6+ Qf6 87. Qd3+ Kh6 88. Qf3 Qe6 89. Qf2
h4 90. Kh1 Qe4+ 91. Qg2 Qe1+ 92. Qg1 Qxg1+ 93. Kxg1 Kh5 94. h3 1/2-1/2

[Event "Bayerische Einzelmeisterschaft 2011 Damen"]
[Site "?"]
[Date "2011.08.25"]
[Round "6.1"]
[White "Lorenz, Oda"]
[Black "Heyne, Regina"]
[Result "1-0"]
[WhiteElo "1870"]
[BlackElo "1812"]
[PlyCount "35"]
[EventDate "2011.??.??"]
[WhiteTeam "Schachges. Augsburg 1873"]
[BlackTeam "FC Bayern München e.V."]

1. e4 e6 2. d4 d5 3. exd5 exd5 4. c4 Nf6 5. Nc3 Be7 6. Nf3 O-O 7. Be2 c6 8. O-O
Bg4 9. c5 Nbd7 10. Be3 Qc7 11. h3 Bh5 12. Nh4 Bxe2 13. Qxe2 Ne4 14. Nf5 Ndf6
15. Qf3 Nxc3 16. bxc3 Ne4 17. Bf4 Qc8 18. Nxe7+ 1-0

[Event "Bayerische Einzelmeisterschaft 2011 Damen"]
[Site "?"]
[Date "2011.08.25"]
[Round "6.2"]
[White "Roos, Karin"]
[Black "Zwetz, Anita"]
[Result "0-1"]
[WhiteElo "1826"]
[BlackElo "1863"]
[PlyCount "64"]
[EventDate "2011.??.??"]
[WhiteTeam "FC Bayern München e.V."]
[BlackTeam "TSV Kareth-Lappersdorf"]

1. e4 e6 2. d4 d5 3. exd5 exd5 4. Bd3 Nf6 5. Ne2 Be7 6. Nbc3 O-O 7. O-O c5 8.
dxc5 Bxc5 9. Na4 Bd6 10. Bf4 Nc6 11. c3 Ne5 12. Nd4 a6 13. Bc2 Qc7 14. Re1 Neg4
15. Bxd6 Qxd6 16. Nf3 b5 17. h3 Nh6 18. c4 bxa4 19. Bxa4 Rd8 20. Qc2 Bf5 21.
Qe2 dxc4 22. Qxc4 Be6 23. Qe2 Qb4 24. b3 Nf5 25. Rad1 Rxd1 26. Rxd1 Qb6 27. Qe5
Rd8 28. Rc1 Nd4 29. Nxd4 Qxd4 30. Qc7 Rf8 31. Rc2 Bf5 32. Re2 Qd1+ 0-1

[Event "Bayerische Einzelmeisterschaft 2011 Damen"]
[Site "?"]
[Date "2011.08.25"]
[Round "6.3"]
[White "Müller, Liliane"]
[Black "Schäfer, Ann-Kathrin"]
[Result "0-1"]
[WhiteElo "1646"]
[BlackElo "1626"]
[PlyCount "38"]
[EventDate "2011.??.??"]
[WhiteTeam "1.Schachklub Neuperlach e.V."]
[BlackTeam "SC Bechhofen 1923 e.V."]

1. d4 Nf6 2. c4 d6 3. Nc3 g6 4. e4 Bg7 5. Bd3 O-O 6. Nge2 Nbd7 7. b4 c5 8. bxc5
dxc5 9. Rb1 cxd4 10. Nxd4 Nc5 11. Be3 e5 12. Bc2 exd4 13. Bxd4 Qe7 14. f3 Rd8
15. Nd5 Nxd5 16. cxd5 Rxd5 17. Rb4 a5 18. Rc4 b5 19. Rxc5 Rxd4 0-1

[Event "Bayerische Einzelmeisterschaft 2011 Damen"]
[Site "?"]
[Date "2011.08.25"]
[Round "6.4"]
[White "Stegmaier, Erika"]
[Black "Ludwig, Ines"]
[Result "1-0"]
[WhiteElo "1614"]
[BlackElo "1714"]
[PlyCount "137"]
[EventDate "2011.??.??"]
[WhiteTeam "1.Schachklub Neuperlach e.V."]
[BlackTeam "SC Mühlhof-Reichelsdorf e.V."]

1. c4 e6 2. Nc3 c6 3. g3 d5 4. cxd5 exd5 5. d4 f5 6. Bg2 Nf6 7. Bf4 Bd6 8. Bxd6
Qxd6 9. e3 Nbd7 10. Nge2 Nb6 11. b3 a5 12. O-O O-O 13. Nf4 Bd7 14. Nd3 Be8 15.
Ne5 Nbd7 16. Nxd7 Qxd7 17. Na4 Qe7 18. Nc5 Ne4 19. Rc1 b6 20. Nd3 h5 21. Ne5
Rf6 22. Nf3 Rh6 23. Nh4 Bd7 24. Bh3 Rf8 25. Rc2 Ng5 26. Bg2 Qf6 27. f3 Qd6 28.
Qe2 Nh7 29. f4 Nf6 30. Bf3 g6 31. Qa6 Rb8 32. Rfc1 Kg7 33. Qd3 Ne4 34. Kg2 Rhh8
35. Qe2 Rbc8 36. Bxe4 fxe4 37. Rf1 Bg4 38. Qf2 Rhf8 39. h3 Bd7 40. Kh2 g5 41.
Ng2 Be6 42. Qe2 Kh6 43. fxg5+ Kxg5 44. Nf4 Rh8 45. h4+ Kf6 46. Nxe6+ Kxe6 47.
Rf4 Rcf8 48. Rxf8 Rxf8 49. Qxh5 Kd7 50. Qg4+ Kc7 51. Qg7+ Kb8 52. Kg2 Rc8 53.
h5 Qe6 54. Rf2 c5 55. Rf8 cxd4 56. Rxc8+ Qxc8 57. Qxd4 Qc6 58. Qe5+ Kb7 59.
Qg7+ Ka6 60. h6 Qc2+ 61. Kh3 Qd1 62. Kh4 Qh1+ 63. Kg5 Qf3 64. h7 Qxg3+ 65. Kf6
Qxe3 66. h8=Q Qc3+ 67. Kf7 Qxg7+ 68. Kxg7 d4 69. Qa8+ 1-0

[Event "Bayerische Einzelmeisterschaft 2011 Damen"]
[Site "?"]
[Date "2011.08.25"]
[Round "6.5"]
[White "Janekovic, Vera"]
[Black "Weiss, Monika"]
[Result "0-1"]
[WhiteElo "1592"]
[BlackElo "1652"]
[PlyCount "92"]
[EventDate "2011.??.??"]
[WhiteTeam "FC Bayern München e.V."]
[BlackTeam "SC Bavaria Regensb.1881"]

1. e4 d6 2. d4 Nf6 3. Nc3 g6 4. Nf3 Bg7 5. Bd3 Bg4 6. h3 Bxf3 7. Qxf3 Nbd7 8.
O-O e5 9. d5 O-O 10. Bg5 c6 11. b4 Qc7 12. Rac1 cxd5 13. Nxd5 Nxd5 14. exd5 Qc3
15. Bb5 Qxf3 16. gxf3 Nb6 17. Be7 Rfc8 18. Bxd6 Nxd5 19. c4 Nf4 20. Kh2 Rd8 21.
c5 Ne6 22. Bc4 Nd4 23. Bd5 Rd7 24. Rfd1 Re8 25. Kg3 Ne2+ 26. Kg2 Nxc1 27. Rxc1
Bf8 28. Rd1 Bxd6 29. cxd6 Kg7 30. Bb3 Red8 31. Rd5 f6 32. Rd2 Rxd6 33. Rc2 Rd4
34. b5 b6 35. a4 f5 36. Rc7+ R8d7 37. Rc6 R4d6 38. Rc3 Kf6 39. Bc2 Kg5 40. Kg3
Rd4 41. Rc6 h5 42. Re6 h4+ 43. Kg2 R4d5 44. Bb3 Rc5 45. Rc6 Rxc6 46. bxc6 Rd6
0-1

[Event "Bayerische Einzelmeisterschaft 2011 Damen"]
[Site "?"]
[Date "2011.08.25"]
[Round "6.6"]
[White "Nietzer, Ingrid"]
[Black "Huber, Dorit"]
[Result "0-1"]
[WhiteElo "1164"]
[BlackElo "1576"]
[PlyCount "90"]
[EventDate "2011.??.??"]
[WhiteTeam "SK Keres-Augsburg 1980"]
[BlackTeam "SC Unterpfaffenhofen"]

1. e4 c6 2. Nf3 d5 3. exd5 cxd5 4. d4 Nc6 5. Bb5 Qa5+ 6. Nc3 Bf5 7. O-O e6 8.
Bd2 Bb4 9. a4 Nf6 10. Ne5 Rc8 11. Be2 Nxd4 12. Bd3 O-O 13. Bxf5 Nxf5 14. Nf3
Rfd8 15. Ne2 Bxd2 16. Nxd2 Qc7 17. Rc1 Ng4 18. Ng3 Qf4 19. h3 Nxf2 20. Rxf2
Qxg3 21. Rf3 Qe5 22. b3 Rd6 23. Rd3 Rdc6 24. Nc4 Qc7 25. Na3 Qb6+ 26. Kh1 Rc3
27. Rd2 a6 28. Nb1 Rg3 29. Qe1 Qe3 30. Qxe3 Rxe3 31. c3 Kf8 32. Rdc2 Ke7 33. g4
Nh4 34. Kh2 Nf3+ 35. Kh1 Re1+ 36. Rxe1 Nxe1 37. Re2 Nf3 38. Kg2 Ng5 39. Kg3
Ne4+ 40. Kf4 Nd6 41. Re3 a5 42. Na3 Rb8 43. Ke5 b5 44. Nc2 bxa4 45. bxa4 Nc4+
0-1

[Event "Bayerische Einzelmeisterschaft 2011 Damen"]
[Site "?"]
[Date "2011.08.26"]
[Round "7.1"]
[White "Ludwig, Ines"]
[Black "Zwetz, Anita"]
[Result "1-0"]
[WhiteElo "1714"]
[BlackElo "1863"]
[PlyCount "118"]
[EventDate "2011.??.??"]
[WhiteTeam "SC Mühlhof-Reichelsdorf e.V."]
[BlackTeam "TSV Kareth-Lappersdorf"]

1. d4 d5 2. e3 Nf6 3. Bd3 e6 4. Nd2 c6 5. f4 Nbd7 6. Ngf3 Ng4 7. Qe2 Be7 8. O-O
h5 9. h3 Nh6 10. Ne5 Nf5 11. Rf3 Nxe5 12. fxe5 Bd7 13. c3 Bg5 14. Nf1 Nh4 15.
Rf2 Nf5 16. Qf3 Qe7 17. Qe2 h4 18. Qf3 Bh6 19. e4 dxe4 20. Bxe4 g5 21. Nh2
O-O-O 22. Ng4 Bg7 23. b4 Rhf8 24. a4 Ng3 25. Bd3 Nf5 26. Ba3 Qe8 27. b5 Rg8 28.
bxc6 Bxc6 29. Be4 Bxe4 30. Qxe4 Rd5 31. Bc5 b6 32. c4 bxc5 33. cxd5 Nxd4 34. d6
Qc6 35. Qxc6+ Nxc6 36. Rxf7 Nxe5 37. Rxa7 Kb8 38. Rc7 Nxg4 39. Rb1+ Ka8 40.
hxg4 Bd4+ 41. Kh1 Rb8 42. Rxb8+ Kxb8 43. Rf7 Kc8 44. a5 Kd8 45. a6 c4 46. a7
Bxa7 47. Rxa7 c3 48. Rc7 c2 49. Rxc2 Kd7 50. Rd2 e5 51. Kg1 e4 52. Kf2 Ke6 53.
Ke3 Kd7 54. Kxe4 Kd8 55. Kf5 Kd7 56. Kxg5 h3 57. gxh3 Kd8 58. Kf6 Kd7 59. Kf7
Kd8 1-0

[Event "Bayerische Einzelmeisterschaft 2011 Damen"]
[Site "?"]
[Date "2011.08.26"]
[Round "7.2"]
[White "Schäfer, Ann-Kathrin"]
[Black "Lorenz, Oda"]
[Result "1/2-1/2"]
[WhiteElo "1626"]
[BlackElo "1870"]
[PlyCount "133"]
[EventDate "2011.??.??"]
[WhiteTeam "SC Bechhofen 1923 e.V."]
[BlackTeam "Schachges. Augsburg 1873"]

1. e4 e5 2. f4 d5 3. exd5 Bc5 4. Nf3 e4 5. d4 exf3 6. dxc5 fxg2 7. Qe2+ Qe7 8.
Bxg2 Qxe2+ 9. Kxe2 Nf6 10. Re1 O-O 11. Kf1 Nbd7 12. Be3 Ng4 13. Bg1 b6 14. Nd2
Ba6+ 15. c4 Rad8 16. Bf3 Nh6 17. cxb6 axb6 18. Kg2 Nf6 19. Re7 Rd7 20. Rxd7
Nxd7 21. Re1 Nf6 22. Re7 Rc8 23. Re5 Kf8 24. b3 Nhg8 25. Nf1 Ne7 26. f5 Nd7 27.
Re4 Nxf5 28. Bg4 g6 29. Bxf5 gxf5 30. Rf4 Re8 31. Rxf5 Re2+ 32. Rf2 Re1 33. h3
Nc5 34. Bh2 Ne4 35. Rc2 Nd6 36. Kf2 Re7 37. Ne3 Bc8 38. h4 Re4 39. Bg3 f5 40.
Ng2 Rd4 41. Bf4 Kf7 42. Kf3 Kg6 43. Ne3 Re4 44. Rg2+ Kf7 45. Rg5 Rd4 46. Bxd6
cxd6 47. Nxf5 Bxf5 48. Rxf5+ Kg6 49. Rg5+ Kf6 50. Rg4 Rd3+ 51. Ke2 Rh3 52. Kf2
Rh2+ 53. Kg3 Rxa2 54. Re4 Rb2 55. Re6+ Kf5 56. Rxd6 Rxb3+ 57. Kg2 Kg4 58. Rh6
Rb2+ 59. Kf1 Kf3 60. Rf6+ Kg3 61. d6 Rd2 62. Ke1 Rd4 63. h5 Rxc4 64. d7 Rd4 65.
Rf7 h6 66. Ke2 Kg4 67. Ke3 1/2-1/2

[Event "Bayerische Einzelmeisterschaft 2011 Damen"]
[Site "?"]
[Date "2011.08.26"]
[Round "7.3"]
[White "Weiss, Monika"]
[Black "Heyne, Regina"]
[Result "1-0"]
[WhiteElo "1652"]
[BlackElo "1812"]
[PlyCount "69"]
[EventDate "2011.??.??"]
[WhiteTeam "SC Bavaria Regensb.1881"]
[BlackTeam "FC Bayern München e.V."]

1. e4 e6 2. d4 d5 3. e5 Be7 4. Nf3 c5 5. c3 Nc6 6. Bd3 cxd4 7. cxd4 Bb4+ 8. Nc3
h6 9. a3 Ba5 10. b4 Bc7 11. O-O Nge7 12. Bf4 O-O 13. Nb5 b6 14. Nxc7 Qxc7 15.
Rc1 Bb7 16. b5 Qd7 17. bxc6 Nxc6 18. Rc3 Na5 19. Qb1 Bc6 20. Rfc1 b5 21. Qb4
Nc4 22. Bxc4 dxc4 23. Qb2 Rfd8 24. Rd1 Rab8 25. Qd2 Bd5 26. Bxh6 gxh6 27. Qxh6
f6 28. Nh4 Kf7 29. Qxf6+ Ke8 30. Qh8+ Kf7 31. Qh5+ Ke7 32. Ng6+ Ke8 33. Qh8+
Kf7 34. Qh7+ Ke8 35. Qg8# 1-0

[Event "Bayerische Einzelmeisterschaft 2011 Damen"]
[Site "?"]
[Date "2011.08.26"]
[Round "7.4"]
[White "Roos, Karin"]
[Black "Janekovic, Vera"]
[Result "0-1"]
[WhiteElo "1826"]
[BlackElo "1592"]
[PlyCount "112"]
[EventDate "2011.??.??"]
[WhiteTeam "FC Bayern München e.V."]
[BlackTeam "FC Bayern München e.V."]

1. e4 e5 2. Nf3 Nc6 3. d4 exd4 4. Nxd4 Bc5 5. c3 Nf6 6. f3 O-O 7. Be2 d5 8.
Nxc6 bxc6 9. e5 Nh5 10. Qa4 Bd7 11. Na3 Re8 12. Bf4 Qh4+ 13. Kd1 Qxf4 14. Qxf4
Nxf4 15. b4 Nxe2 16. bxc5 Nxc3+ 17. Kd2 Nb5 18. Nxb5 cxb5 19. f4 f6 20. exf6
gxf6 21. Rac1 c6 22. Rc3 Re4 23. Rf1 Bf5 24. g4 Bg6 25. f5 Bf7 26. h3 b4 27.
Rc2 Rae8 28. Rf3 a5 29. a3 Rd4+ 30. Kc1 Ree4 31. Rb3 Rc4 32. axb4 Rxc2+ 33.
Kxc2 axb4 34. Kd3 Rc4 35. Rb1 Rxc5 36. Rxb4 Rc4 37. Rb7 c5 38. Rd7 Rd4+ 39. Kc3
Rf4 40. Kd2 Rf3 41. h4 Rg3 42. g5 fxg5 43. hxg5 Rxg5 44. f6 Kf8 45. Rd8+ Be8
46. Ke3 Rf5 47. Rc8 d4+ 48. Ke4 Rh5 49. Rd8 Kf7 50. Kf4 h6 51. Kg4 Rg5+ 52. Kf4
Bb5 53. Rh8 Rg6 54. Ke4 Rxf6 55. Rh7+ Kg6 56. Rb7 Rf5 {Restliche Partie ist
nicht rekonstruierbar.} 0-1

[Event "Bayerische Einzelmeisterschaft 2011 Damen"]
[Site "?"]
[Date "2011.08.26"]
[Round "7.5"]
[White "Nietzer, Ingrid"]
[Black "Müller, Liliane"]
[Result "1-0"]
[WhiteElo "1164"]
[BlackElo "1646"]
[PlyCount "61"]
[EventDate "2011.??.??"]
[WhiteTeam "SK Keres-Augsburg 1980"]
[BlackTeam "1.Schachklub Neuperlach e.V."]

1. e4 e6 2. d4 d5 3. exd5 exd5 4. Nf3 Nf6 5. Bb5+ c6 6. Ba4 b5 7. Bb3 a5 8. a4
b4 9. Be3 Ba6 10. Ne5 Be7 11. Nd3 Nbd7 12. O-O O-O 13. Re1 Bd6 14. Qd2 Ne4 15.
Qc1 Qc7 16. Bf4 Rae8 17. Bxd6 Qxd6 18. Qf4 Qxf4 19. Nxf4 Ndf6 20. f3 Nd6 21.
Nd2 Nf5 22. c3 Bd3 23. Nxd3 bxc3 24. bxc3 Rb8 25. Rab1 Rb6 26. c4 Nxd4 27. cxd5
cxd5 28. Nf4 Nxb3 29. Rxb3 Rb4 30. Rxb4 axb4 31. Rb1 {Partie ist nicht mehr zu
rekonstruieren.} 1-0

[Event "Bayerische Einzelmeisterschaft 2011 Damen"]
[Site "?"]
[Date "2011.08.26"]
[Round "7.6"]
[White "Huber, Dorit"]
[Black "Stegmaier, Erika"]
[Result "1-0"]
[WhiteElo "1576"]
[BlackElo "1614"]
[PlyCount "129"]
[EventDate "2011.??.??"]
[WhiteTeam "SC Unterpfaffenhofen"]
[BlackTeam "1.Schachklub Neuperlach e.V."]

1. f4 d5 2. Nf3 Nf6 3. g3 e6 4. Bg2 Bc5 5. c3 Nc6 6. d4 Bd6 7. O-O O-O 8. Qc2
b6 9. Nbd2 Ba6 10. Re1 Rc8 11. Ne5 Ne7 12. e4 c5 13. Qa4 Bb7 14. Nxf7 Rxf7 15.
e5 Bxe5 16. fxe5 Nh5 17. Bh3 Bc6 18. Qd1 Bd7 19. Qxh5 cxd4 20. cxd4 Nc6 21. Nb3
Qe7 22. Bd2 a5 23. Rf1 Rcf8 24. Rxf7 Rxf7 25. Rf1 Rxf1+ 26. Bxf1 a4 27. Nc1
Nxd4 28. Be3 Nf5 29. Qg5 b5 30. Qxe7 Nxe7 31. Bc5 Ng6 32. Bd6 Kf7 33. Bd3 Bc6
34. Bxg6+ Kxg6 35. Kf2 Kf5 36. Kf3 h5 37. Ne2 Kg6 38. Nf4+ Kf5 39. Nxh5 Kg6 40.
Nf4+ Kf7 41. Ke3 Bd7 42. a3 g6 43. h4 Kg7 44. g4 Kh7 45. g5 Kg7 46. Kd4 Kf7 47.
Kc5 Kg7 48. Ne2 Kf7 49. Nd4 Ke8 50. Nxb5 Kd8 51. Nc3 Kc8 52. Ne2 Be8 53. Nf4
Bf7 54. Kb4 Kb7 55. Kxa4 Kc6 56. Kb4 Kb6 57. b3 Ka6 58. Nd3 Kb6 59. Nc5 Bg8 60.
a4 Bf7 61. a5+ Ka7 62. Kc3 Bg8 63. b4 Bf7 64. b5 Be8 65. b6+ 1-0

[Event "Bayerische Einzelmeisterschaft 2011 Damen"]
[Site "?"]
[Date "2011.08.27"]
[Round "8.1"]
[White "Lorenz, Oda"]
[Black "Janekovic, Vera"]
[Result "1-0"]
[WhiteElo "1870"]
[BlackElo "1592"]
[PlyCount "69"]
[EventDate "2011.??.??"]
[WhiteTeam "Schachges. Augsburg 1873"]
[BlackTeam "FC Bayern München e.V."]

1. e4 e5 2. Nf3 Nc6 3. Bb5 d6 4. O-O Bd7 5. c3 Nf6 6. d3 Be7 7. Nbd2 a6 8. Ba4
b5 9. Bb3 O-O 10. Re1 Be6 11. Nf1 Bxb3 12. Qxb3 Na5 13. Qd1 c5 14. b4 Nc6 15.
a3 a5 16. Bd2 Nd7 17. Ne3 axb4 18. cxb4 Nb6 19. Nf5 Qd7 20. bxc5 dxc5 21. Qb3
Nd4 22. N3xd4 exd4 23. Nxe7+ Qxe7 24. Qxb5 Na4 25. Reb1 h6 26. Qc4 Qd6 27. g3
Nb6 28. Qb5 Nd7 29. Bf4 Qe6 30. a4 Rfc8 31. Qc4 Qxc4 32. dxc4 g5 33. Bd6 f6 34.
Rb7 Ra6 35. Rxd7 1-0

[Event "Bayerische Einzelmeisterschaft 2011 Damen"]
[Site "?"]
[Date "2011.08.27"]
[Round "8.2"]
[White "Zwetz, Anita"]
[Black "Nietzer, Ingrid"]
[Result "1-0"]
[WhiteElo "1863"]
[BlackElo "1164"]
[PlyCount "69"]
[EventDate "2011.??.??"]
[WhiteTeam "TSV Kareth-Lappersdorf"]
[BlackTeam "SK Keres-Augsburg 1980"]

1. d4 Nf6 2. Bg5 h6 3. Bxf6 gxf6 4. Nf3 d6 5. e3 Bg4 6. Bd3 e5 7. c3 Nd7 8.
Nbd2 Qe7 9. Qc2 O-O-O 10. h3 Bxf3 11. Nxf3 d5 12. Bf5 e4 13. Nd2 Kb8 14. Nb3
Nb6 15. Nc5 Nc4 16. Qb3 b6 17. Na6+ Kb7 18. Nb4 a5 19. Nc2 Qd6 20. a4 Qc6 21.
Bg4 h5 22. Be2 h4 23. Qa2 Ra8 24. b3 Nd6 25. c4 Nf5 26. O-O Ng7 27. Rac1 Ne6
28. Na3 Rg8 29. Nb5 Ng5 30. Kh1 Qe6 31. cxd5 Qxd5 32. Rxc7+ Kb8 33. Qc2 Qd8 34.
Qc6 Ne6 35. Qb7# 1-0

[Event "Bayerische Einzelmeisterschaft 2011 Damen"]
[Site "?"]
[Date "2011.08.27"]
[Round "8.3"]
[White "Ludwig, Ines"]
[Black "Schäfer, Ann-Kathrin"]
[Result "0-1"]
[WhiteElo "1714"]
[BlackElo "1626"]
[PlyCount "50"]
[EventDate "2011.??.??"]
[WhiteTeam "SC Mühlhof-Reichelsdorf e.V."]
[BlackTeam "SC Bechhofen 1923 e.V."]

1. d4 Nf6 2. e3 g6 3. Bd3 Bg7 4. Nd2 d6 5. f4 Nbd7 6. Ngf3 O-O 7. c3 Re8 8. e4
e5 9. fxe5 dxe5 10. O-O exd4 11. cxd4 c5 12. d5 c4 13. Bc2 b5 14. Re1 Qb6+ 15.
Kh1 Ng4 16. Qe2 Nf2+ 17. Kg1 Nd3+ 18. Qe3 Nxe1 19. Qxb6 Nxf3+ 20. gxf3 Nxb6 21.
Rb1 f5 22. Nf1 Bd4+ 23. Kg2 Bb7 24. Bf4 fxe4 25. Bxe4 Bxd5 0-1

[Event "Bayerische Einzelmeisterschaft 2011 Damen"]
[Site "?"]
[Date "2011.08.27"]
[Round "8.4"]
[White "Heyne, Regina"]
[Black "Roos, Karin"]
[Result "0-1"]
[WhiteElo "1812"]
[BlackElo "1826"]
[PlyCount "104"]
[EventDate "2011.??.??"]
[WhiteTeam "FC Bayern München e.V."]
[BlackTeam "FC Bayern München e.V."]

1. d4 Nf6 2. c4 d6 3. Nf3 g6 4. Nc3 Bg7 5. e4 O-O 6. Be2 e5 7. dxe5 dxe5 8. O-O
Nbd7 9. Qc2 c6 10. b3 Qc7 11. Bb2 Nc5 12. b4 Ne6 13. Na4 Nd7 14. Rfd1 b5 15.
cxb5 cxb5 16. Qxc7 Nxc7 17. Nc3 a6 18. Ne1 Nb6 19. a4 bxa4 20. Nxa4 Nxa4 21.
Rxa4 Be6 22. Rd6 Rfb8 23. Bc3 Nb5 24. Bxb5 axb5 25. Rxa8 Rxa8 26. f3 Kf8 27.
Rd1 Ke7 28. Bd2 Ra2 29. Be3 Ke8 30. Bc5 Bh6 31. Nd3 f6 32. Nf2 Bd2 33. Rb1 Bc4
34. Ng4 Kf7 35. Rd1 Rb2 36. h3 h5 37. Ne3 Ke6 38. Nd5 Bxd5 39. exd5+ Kd7 40.
Bf8 Bxb4 41. Bg7 Be7 42. Ra1 Kd6 43. Ra6+ Kxd5 44. Bxf6 Bc5+ 45. Kh2 Be3 46. h4
Rb1 47. Be7 b4 48. Rxg6 b3 49. Rd6+ Kc4 50. Bf6 Bd4 51. Rc6+ Kd3 52. Rc8 b2 0-1